00692nam a2200181 i 4500001000700000003000900007005001700016007000300033008004100036100002500077245011000102260004800212300003700260600005000297852002200347999001900369952012200388106874ES-MaACL20230906184311.0t|061121s1972 sp r ||||1| spa d1 aMora, Carmen.98284910aVida y obra de Don Ignacio de Asso: biusinternacionalismo, jurisprodencia y otras ideas / cCarmen Mora. aZaragoza : b[Heraldo de Aragón], c1972. aXV, 424 p., 60 lám. ; c25 cm.14aAsso y del Río, Ignacio Jordán de.923661 aES-MaACLjC-43464 c106874d106874 00104070aATENEOMbATENEOMcDEPO2d2008-01-17eSCl0oC-43464p1111555r2023-02-23 00:00:00w2023-02-23yMONOGRAFIA